Coffee biotechnology and quality (Record no. 14804)

MARC details
000 -LEADER
fixed length control field 00391nam a22001577a 4500
003 - CONTROL NUMBER IDENTIFIER
control field OSt
005 - DATE AND TIME OF LATEST TRANSACTION
control field 20211025162556.0
008 - FIXED-LENGTH DATA ELEMENTS--GENERAL INFORMATION
fixed length control field 211025b |||||||| |||| 00| 0 eng d
020 ## - INTERNATIONAL STANDARD BOOK NUMBER
International Standard Book Number 0-7923-6562-8
040 ## - CATALOGING SOURCE
Transcribing agency Hawassa university
050 ## - LIBRARY OF CONGRESS CALL NUMBER
Classification number 633/COF
082 ## - DEWEY DECIMAL CLASSIFICATION NUMBER
Classification number 633/COF
245 ## - TITLE STATEMENT
Title Coffee biotechnology and quality
260 ## - PUBLICATION, DISTRIBUTION, ETC.
Place of publication, distribution, etc. London
Name of publisher, distributor, etc. Cluwer academic
Date of publication, distribution, etc. 2000
942 ## - ADDED ENTRY ELEMENTS (KOHA)
Source of classification or shelving scheme Dewey Decimal Classification
Koha item type Books like text book referance book
Suppress in OPAC No
Holdings
Withdrawn status Lost status Source of classification or shelving scheme Damaged status Not for loan Home library Current library Date acquired Total Checkouts Full call number Barcode Date last seen Copy number Price effective from Koha item type
    Dewey Decimal Classification     College of Agriculture Library College of Agriculture Library 10/25/2021   633/COF ALIB0008835 10/25/2021 C 2 10/25/2021 Books like text book referance book
    Dewey Decimal Classification     College of Agriculture Library College of Agriculture Library 10/25/2021   633/COF ALIB0008836 10/25/2021 C 3 10/25/2021 Books like text book referance book
    Dewey Decimal Classification     College of Agriculture Library College of Agriculture Library 10/25/2021   633/COF ALIB0008837 10/25/2021 C 4 10/25/2021 Books like text book referance book